№ 7; Высшее образование сегодня

Bibliografske podrobnosti
Parent link:Высшее образование сегодня: научно-практический журнал. № 7.— , 2001-.— 1726-667X
Jezik:ruščina
Izdano: 2013
Format: MixedMaterials Knjiga
KOHA link:https://koha.lib.tpu.ru/cgi-bin/koha/opac-detail.pl?biblionumber=517109

MARC

LEADER 00000nam2a2200000 4500
001 517109
005 20231101105612.0
035 |a (RuTPU)RU\TPU\prd\195130 
090 |a 517109 
100 |a 20130912a20139999m y0rusy50 ca 
101 0 |a rus 
102 |a RU 
200 0 |a № 7 
210 |d 2013 
461 1 |0 (RuTPU)RU\TPU\prd\1307  |x 1726-667X  |t Высшее образование сегодня  |o научно-практический журнал  |v № 7  |d 2001- 
801 0 |a RU  |b 63413507  |c 20010227  |g PSBO 
801 1 |a RU  |b 63413507  |c 20130912 
801 2 |a RU  |b 63413507  |c 20230329  |g RCR 
942 |c BK 
999 |a НТБ_ТПУ  |b НФ  |e -1/20130109  |p П-9270  |s 3/20130508  |u 0,00  |v 1